Statistics for Geography Series #29

Click here to take the quiz!

General Stats

  • This quiz has been taken 38 times
  • The average score is 7 of 8

Answer Stats

Warsaw Pact Countries% Correct
Poland
97%
USSR
97%
East Germany
94%
Hungary
94%
Czechoslovakia
89%
Romania
89%
Bulgaria
86%
Albania
67%

Score Distribution

Percentile by Number Answered

Percent of People with Each Score

Your Score History

You have not taken this quiz